Nibandh manjarai: Aalochnamatak terah nibandh (Record no. 1327056)

MARC details
000 -LEADER
fixed length control field 00528nam a2200181Ia 4500
005 - DATE AND TIME OF LATEST TRANSACTION
control field 20250508151019.0
008 - FIXED-LENGTH DATA ELEMENTS--GENERAL INFORMATION
fixed length control field 008 250505s9999 xx 000 0 hin d
037 ## - SOURCE OF ACQUISITION
Stock number Textual
040 ## - CATALOGING SOURCE
Original cataloging agency FEDL
Language of cataloging eng
Transcribing agency FEDL
041 ## - LANGUAGE CODE
Language code of text/sound track or separate title hin
Source of code eng
084 ## - COLON CLASSIFICATION NUMBER
Classification number 891.43, SAV
Assigning agency FEDL
100 ## - MAIN ENTRY--PERSONAL NAME
Personal name Saval Ram Lal Ed.
9 (RLIN) 758193
245 #0 - TITLE STATEMENT
Title Nibandh manjarai: Aalochnamatak terah nibandh
260 ## - PUBLICATION, DISTRIBUTION, ETC.
Place of publication, distribution, etc. Delhi, India
Name of publisher, distributor, etc. Mehar Chand Lachhman Das Prakashak
300 ## - PHYSICAL DESCRIPTION
Extent 171p
942 ## - ADDED ENTRY ELEMENTS (KOHA)
Koha item type Textual
Classification part 891.43, SAV
Holdings
Withdrawn status Lost status Damaged status Not for loan Home library Current library Date acquired Total Checkouts Full call number Barcode Date last seen Price effective from Koha item type
        Department of Education Library Department of Education Library 2025-05-08   891.43, SAV EL0006841 2025-05-08 2025-05-08 Textual
Copyright @ Delhi University Library System